| 000 | 00336nam a22001457a 4500 | ||
|---|---|---|---|
| 003 | SGT | ||
| 020 | _a978-81-8448-756-5 | ||
| 082 |
_a616.07 _bC11K |
||
| 100 | _aKASINATHAN, VASANTHI | ||
| 245 | _aA CONCISE BOOK ON PATHOLOGY | ||
| 260 |
_aNEW DELHI _bJAYPEE PUB _c2011 |
||
| 300 | _a269 | ||
| 650 | _aAYURVEDA PUB | ||
| 942 |
_2ddc _cBK _018 |
||
| 999 |
_c11315 _d11315 |
||